Conferencia pronunciada por Cristóbal Botella el dia 9 de marzo de 1890 (Record no. 187952)

MARC details
000 -LEADER
campo de control de longitud fija 00694nam a2200181 i 4500
001 - NÚMERO DE CONTROL
campo de control 187952
003 - IDENTIFICADOR DE NÚMERO DE CONTROL
campo de control ES-MaACL
005 - FECHA Y HORA DE LA ÚLTIMA TRANSACCIÓN
campo de control 20250727062621.0
008 - DATOS DE LONGITUD FIJA--INFORMACIÓN GENERAL
campo de control de longitud fija 180328s1892 sp |||| | spa d
100 1# - ENTRADA PRINCIPAL--NOMBRE DE PERSONA
Nombre de persona Botella, Cristóbal,
Fechas asociadas al nombre 1867-1921
9 (RLIN) 30745
245 10 - MENCIÓN DEL TÍTULO
Título Conferencia pronunciada por Cristóbal Botella el dia 9 de marzo de 1890
Resto del título : las manifestaciones socialistas del 1º de Mayo.
260 ## - PUBLICACIÓN, DISTRIBUCIÓN, ETC.
Lugar de publicación, distribución, etc. [S.l.] :
Nombre del editor, distribuidor, etc. [s.n.],
Fecha de publicación, distribución, etc. 1892 (
Lugar de fabricación/manufactura Madrid :
Fabricante Est. tip. de "El Liberal")
300 ## - DESCRIPCIÓN FÍSICA
Extensión 32 p. ;
Dimensiones 23 cm.
594 ## - Nota al título y mención de responsabilidad
Nota al título y mención de responsabilidad Precede al título: Circulo de la Unión Mercantil e Industrial.
650 07 - PUNTO DE ACCESO ADICIONAL DE MATERIA--TÉRMINO DE MATERIA
Término de materia o nombre geográfico como elemento de entrada Socialismo
Fuente del encabezamiento o término embne
9 (RLIN) 17147
852 ## - LOCALIZACIÓN
Ubicación ES-MaACL
Número de control de estantería F-13197(5)
Holdings
Estatus retirado Estado de pérdida Estado de daño No para préstamo Colección Biblioteca de origen Biblioteca actual Ubicación en estantería Fecha de adquisición Fuente de adquisición Total de préstamos Signatura topográfica completa Código de barras Visto por última vez Precio de reemplazo Tipo de ítem Koha
        Libros del s. XIX Biblioteca del Ateneo de Madrid Biblioteca del Ateneo de Madrid Sala Pecera Planta 2 28/03/2018     F-13197(5) 1198604 23/02/2023 23/02/2023 Libro impreso antiguo